BIBLIOTECA PODER JUDICIAL
Portal Judicial TDF

Crisis económica y apropiación indebida de tributos. ¿La inexigibilidad como Caballo de Troya del agente de retención o percepción? / (Registro nro. 5573)

000 -LEADER
fixed length control field 01265nab a22002297a 4500
003 - CONTROL NUMBER IDENTIFIER
control field OSt
005 - DATE AND TIME OF LATEST TRANSACTION
control field 20251218120435.0
008 - FIXED-LENGTH DATA ELEMENTS--GENERAL INFORMATION
fixed length control field 190429b xxu||||| |||| 00| 0 spa d
040 ## - CATALOGING SOURCE
Transcribing agency PJ
100 ## - MAIN ENTRY--PERSONAL NAME
9 (RLIN) 6102
Personal name Martínez, Agustina Lara
245 10 - TITLE STATEMENT
Title Crisis económica y apropiación indebida de tributos. ¿La inexigibilidad como Caballo de Troya del agente de retención o percepción? /
Statement of responsibility, etc Agustina Lara Martínez.
260 ## - PUBLICATION, DISTRIBUTION, ETC. (IMPRINT)
Date of publication, distribution, etc Ciudad Autónoma de Buenos Aires :
Place of publication, distribution, etc Thomson Reuters La Ley,
Name of publisher, distributor, etc 2025.
300 ## - PHYSICAL DESCRIPTION
Extent p. 107-114
500 ## - GENERAL NOTE
General note Cita: TR LALEY AR/DOC/723/2025.
505 ## - FORMATTED CONTENTS NOTE
Formatted contents note Sumario: I. Introducción.— II. Los delitos de omisión propia en la dogmática penal. Un lacónico análisis del tipo penal de apropiación indebida de tributos.— III. La solución exculpante: ¿afirmación de un injusto penal inexigible?— IV. Breves reflexiones.— V. Bibliografía.
505 ## - FORMATTED CONTENTS NOTE
Title Si te interesa el texto completo, solicitalo a koha@justierradelfuego.gov.ar
650 #0 - SUBJECT ADDED ENTRY--TOPICAL TERM
9 (RLIN) 343
Topical term or geographic name as entry element DERECHO PENAL
650 #0 - SUBJECT ADDED ENTRY--TOPICAL TERM
9 (RLIN) 2217
Topical term or geographic name as entry element DELITO DE OMISIÓN
650 #0 - SUBJECT ADDED ENTRY--TOPICAL TERM
9 (RLIN) 210
Topical term or geographic name as entry element ESTADO DE NECESIDAD
773 0# - HOST ITEM ENTRY
Host Biblionumber 2658
Host Itemnumber 3164
Title Revista de derecho penal y criminología. Nº 4 - Mayo 2025
Place, publisher, and date of publication Ciudad Autónoma de Buenos Aires : Thomson Reuters La Ley, 2017-
International Standard Serial Number 00347914
942 ## - ADDED ENTRY ELEMENTS (KOHA)
Source of classification or shelving scheme
Koha item type Analítica Artículo de Revista

No hay ítems disponibles.

12 de Octubre 789 Ushuaia - Tel:  54(02901)441571
Horario de Atención: 8.00 a 17.00 hs. 
bibliotecaush@justierradelfuego.gov.ar
koha@justierradelfuego.gov.ar
Seguinos en nuestras redes @bibliojustdf 

Con tecnología Koha